Psicopatología : (Registro nro. 21662)

Detalles MARC
000 -Cabecera
Campo de control interno 00962nam a2200265Ia 4500
005 - Fecha y hora del registro
control field 20260320113302.0
008 - Elementos de Longitud Fija
fixed length control field 260320s9999||||xx |||||||||||||| ||und||
020 ## - ISBN
ISBN 9788411062435
041 ## - Idioma
Codigo Idioma ESP
082 ## - DEWEY y NOTACIÓN INTERNA
Dewey 616.89
Notación Interna C76
100 ## - AUTOR
Autor denominación Comer, Ronald J.,
Término de relación autor
245 #0 - TÍTULO DE MATERIAL BIBLIOGRÁFICO
Título Psicopatología :
Título paralelo fundamentos
246 ## - TÍTULO TRADUCIDO
Título
Título paralelo
Autor
250 ## - EDICIÓN
Edición Décima edición
260 ## - CIUDAD, EDITORIAL, AÑO
Ciudad Madrid :
Nombre de la Editorial Editorial Médica Panamericana
Año 2025
300 ## - DESCRIPCIÓN
N° Páginas xxv, 525 páginas :
Otros detalles figuras, tablas ;
Dimensiones 28 cm.
Material Adicional
440 ## - MENCIÓN DE SERIE
Título de la Serie
Número de Serie
Volumen de Serie
650 ## - TEMAS
Temas Tecnología (Ciencias Aplicadas)
653 ## - DESCRIPTORES
Lenguajes no controlado Psicopatología
654 ## - PROGRAMAS
Programa Dpto. de Psicología
700 ## - OTROS AUTORES
Otros autores Comer, Jonathan S.,
Títulos y otras palabras asociadas con el nombre autor
856 ## - URL - UBICACIÓN
URI/URL: Enlace exacto del recurso <a href="https://ebookcentral-proquest-com.ucsp.lookproxy.com/lib/catolicasp/detail.action?docID=31891948&query=psicopatologia">https://ebookcentral-proquest-com.ucsp.lookproxy.com/lib/catolicasp/detail.action?docID=31891948&query=psicopatologia</a>
Nota pública: Versión digital <a href="Véase además: Guía Práctica de Evaluación en Psicología Clínica : Protocolos para el Abordaje Diagnóstico de Trastornos Mentales. Versión digital">Véase además: Guía Práctica de Evaluación en Psicología Clínica : Protocolos para el Abordaje Diagnóstico de Trastornos Mentales. Versión digital</a>
942 ## - ELEMENTOS DE KOHA
Tipo de documento Libro
Nombre del creador Justo Noguera
Código de catalogador Tania Ramirez
Esquema de clasificación Dewey Decimal Classification
Suppress in OPAC
Existencias
Codigo completo Registro Colección Copia número Disponibilidad Tipo de préstamo Biblioteca Actual Procedencia (Biblioteca) Ubicacón Fecha Ingreso Tipo de Adquisición Date last seen Total checkouts Price effective from Tipo de Item Estado del Material Fuente de Clasificación Damaged status Withdrawn status
616.89 C76 1085209 Universidad Católica San Pablo 1 Disponible Disponible Víctor Andrés Belaunde Víctor Andrés Belaunde Planta baja abierta 30/03/2026 Compra 30/03/2026   30/03/2026 Libro Bueno Dewey Decimal Classification    
616.89 C76 1085210 Universidad Católica San Pablo 2 Disponible Disponible Víctor Andrés Belaunde Víctor Andrés Belaunde Planta baja abierta 30/03/2026 Compra 30/03/2026   30/03/2026 Libro Bueno Dewey Decimal Classification